000 01313nam a22003617a 4500
003 CHAP
005 20220329134959.0
008 971013s r 00010 d
010 _a29021
011 _a29993
035 _a34104
040 _cCHAP
082 _a338.9
_bL45
100 0 0 _aLentnek, Barry.
_966042
245 _aRegional analysis of a traditional economy
_b: a case study in Aguascalientes, México
260 _a(s.l. :
_bs.e.),
_c(s.a.)
300 _a1 v. en 3 t.
500 _aFotocopia
590 _aBATCH-UPD
_b10
_c20130110
_lUCH01
_h0040
590 _aBATCH-UPD
_b10
_c20130110
_lUCH01
_h2211
590 _aBATCH-UPD
_b10
_c20130409
_lUCH01
_h2025
590 _aBATCH-UPD
_b10
_c20130410
_lUCH01
_h1514
590 _aBATCH-UPD
_b10
_c20130914
_lUCH01
_h1722
590 _aCONVERSION
_b10
_c20130109
_lUCH01
_h1317
650 1 4 _aAgricultura
_xAspectos economicos
_xAguascalientes.
_91200
650 1 4 _aAguascalientes
_xCondiciones economicas.
_92594
650 1 4 _aPolítica agrícola
_xAguascalientes.
_990285
901 _aBK
942 _cLIBRO
949 _a338.9 L45
_bBC
_cLIBRO
_d33724000422192
_eLIBRO
_fPt.3
_h33955
_i34104
_mD
_si
949 _a338.9 L45
_bBC
_cLIBRO
_d33724000422200
_eLIBRO
_fPt.2
_h33954
_i34104
_si
949 _a338.9 L45
_bBC
_cLIBRO
_d33724000422218
_eLIBRO
_fPt.1
_h33953
_i34104
_mD
_si
999 _c29021
_d29021